{"text_format":"3","workbook":"xlsx","n_sheets":2,"sheets":["Escota principal","CATEGORIA"],"not_rendered":{"charts":1,"defined_names":2,"pivot_tables":1},"read":"whole","date_system":"1900"}

{"sheet":"Escota principal","index":0,"n_rows":28,"n_cols":10,"rows_kept":28,"merged":[[0,1,3,13]]}
[null,"ATUALIZE A SUA LISTA DE COMPRAS"]
[]
[]
[]
[]
[null,"Etiquetas de columna"]
[null,"COMPRAR","ENTREGA AO DOMICÍLIO","MERCADO LOCAL","MAS","LEGUMINOSAS","Total geral"]
["Sum of  TOTAL ",11.395,127.84,21.52,23.870000000000005,85.88000000000001,270.50500000000005]
[]
[null,"EM BREVE?","ARTIGO","LOJA","CATEGORIA","QUANTIDADE.","PREÇO UNITÁRIO PARA","UNIDADES","TOTAL","NOTA"]
[null,"Sim","Pesca","Vigneto Coho","LEGUMES",2,"kg",2.99,{"$f":"+H11*F11","v":5.98}]
[null,"Sim","Maçãs","Vigneto Coho","MERCADO LOCAL",3,"kg",1.99,{"$f":"+H12*F12","v":5.97},"Tenho um cupão"]
[null,"Sim","Banana","Importadores de todo o mundo","MERCADO LOCAL",1,"Cano",3.99,3.99]
[null,"não","Alface","Mercado","MERCADO LOCAL",2,"Cabeça",2.29,4.58]
[null,"Sim","Tomates","Mercado","ENTREGA AO DOMICÍLIO",4,"kg",3.49,13.96]
[null,"Sim","Abóbora","Mercado","MERCADO LOCAL",2,"Unidades",1.5,3]
[null,"não","Aipo","Importadores de todo o mundo","MERCADO LOCAL",2,"Cano",1.99,3.98]
[null,"Sim","Pepino","Mercado","COMPRAR",1,"kg",2.29,2.29]
[null,"Sim","Cogumelos","Importadores de todo o mundo","COMPRAR",0.5,"kg",2.25,1.125]
[null,"não","Leite","Produtor local","COMPRAR",2,"litro",3.99,7.98]
[null,"Sim","Queijo","Produtor local","COMPRAR",1,"kg",9.99,9.99,"Variedade de queijos"]
[null,"Sim","Egg","Produtor local","COMPRAR",2,"dúzia",3.5,7]
[null,"Sim","Quark","Produtor local","COMPRAR",1,"1/2 kg",3.89,3.89]
[null,"não","Natas azedas","Produtor local","COMPRAR",1,"1/4 kg",2.99,2.99]
[null,"Sim","Iogurte","Importadores de todo o mundo","ENTREGA AO DOMICÍLIO",1,"1/2 kg",4.99,4.99,"Mel grego"]
[null,"Sim","Vitello","Produtor local","LEGUMES",10,"kg",7.99,79.9,"Bistecs à la panceta"]
[null,"não","Salmão","Lonja de pescado","ENTREGA AO DOMICÍLIO",6,"kg",8.99,53.94]
[null,"Sim","Caranguejo","Lonja de pescado","ENTREGA AO DOMICÍLIO",5,"kg",10.99,54.95]

{"sheet":"CATEGORIA","index":1,"n_rows":6,"n_cols":1,"rows_kept":6}
["CATEGORIA"]
["LEGUMES"]
["COMPRAR"]
["ENTREGA AO DOMICÍLIO"]
["MERCADO LOCAL"]
["MAIS"]